[Event "Budapest FS02 IM"]
[Site "Budapest"]
[Date "2016.02.12"]
[Round "6"]
[White "Nagy, Ervin"]
[Black "Radlovacki, Jovan"]
[Result "0-1"]
[WhiteElo "2229"]
[BlackElo "2314"]
[PlyCount "142"]
[EventDate "2016.02.06"]
[EventType "tourn"]
[EventRounds "9"]
[EventCountry "HUN"]
[EventCategory "1"]
[SourceTitle "CBM 170 Extra"]
[Source "ChessBase"]
[SourceDate "2016.02.25"]
[SourceVersion "1"]
[SourceVersionDate "2016.02.25"]
[SourceQuality "1"]

1. d4 Nf6 2. g3 b6 3. Bg2 c6 4. Nf3 Bb7 5. 0-0 c5 6. dxc5 bxc5 7. c4 g6 8. b3 Bg7 9. Bb2 0-0 10. Qc1 d6 11. Rd1 Nbd7 12. Nc3 Rb8 13. Qc2 Nb6 14. Ne1 Bxg2 15. Nxg2 Rb7 16. Rab1 a5 17. a4 Nbd7 18. Nb5 Re8 19. e4 Bh6 20. Bxf6 Nxf6 21. e5 Nd7 22. exd6 e6 23. Qe4 Qb6 24. f4 Bg7 25. Ne3 Nf6 26. Qf3 Rd8 27. Rd3 Rbd7 28. Rbd1 h5 29. R1d2 Bf8 30. Nd1 Bxd6 31. Ndc3 Be7 32. Rxd7 Rxd7 33. Rxd7 Nxd7 34. Qa8+ Nb8 35. Qa7 Qd8 36. Qc7 Qxc7 37. Nxc7 Nc6 38. N7b5 f5 39. Kf2 Bf6 40. Ne2 h4 41. Ke3 e5 42. fxe5 Nxe5 43. gxh4 Bxh4 44. h3 Bg5+ 45. Kf2 Nd3+ 46. Kf3 Ne1+ 47. Kf2 Nc2 48. Nc7 Kf7 49. Nd5 Bd2 50. Ng1 Na1 51. Nf3 Nxb3 52. Ne5+ Kg7 53. Nd3 Bg5 54. Kg3 Bf6 55. Kf2 Bd4+ 56. Ke2 Bg1 57. Kf1 Bh2 58. Ke2 Bd6 59. Ne1 Nd4+ 60. Ke3 g5 61. Kf2 Kg6 62. Kg2 Nc6 63. Nd3 Nb4 64. N5xb4 cxb4 65. Nc1 Kf6 66. Nb3 Bc7 67. Kf3 Ke5 68. Ke3 g4 69. hxg4 fxg4 70. Kd3 Kf4 71. Nd4 g3 0-1

[Event "Budapest FS12 IM"]
[Site "Budapest"]
[Date "2015.12.05"]
[Round "1"]
[White "Nagy, Ervin"]
[Black "Farkas, Richard"]
[Result "0-1"]
[WhiteElo "2223"]
[BlackElo "2307"]
[PlyCount "140"]
[EventDate "2015.12.05"]
[EventType "tourn"]
[EventRounds "11"]
[EventCountry "HUN"]
[EventCategory "1"]
[SourceTitle "EXT 2017"]
[Source "ChessBase"]
[SourceDate "2016.10.25"]
[SourceVersion "1"]
[SourceVersionDate "2016.10.25"]
[SourceQuality "1"]

1. e4 c5 2. Nc3 Nc6 3. g3 g6 4. Bg2 Bg7 5. d3 e6 6. f4 d6 7. Nf3 Nge7 8. 0-0 0-0 9. Be3 Nd4 10. Bf2 Nec6 11. a3 Rb8 12. Rb1 b5 13. Nxd4 cxd4 14. Ne2 Bd7 15. Qd2 Qc7 16. Rfc1 Rfc8 17. b4 a6 18. Kh1 e5 19. c3 Qb6 20. cxd4 Nxd4 21. fxe5 dxe5 22. Be3 Qd6 23. Bxd4 exd4 24. Rxc8+ Rxc8 25. Rc1 Rxc1+ 26. Qxc1 h5 27. Bf3 Be5 28. Kg2 Kg7 29. h4 Qc6 30. Qxc6 Bxc6 31. Nc1 Kf6 32. Nb3 Bd7 33. Bd1 Ke7 34. Kf2 Bc7 35. Kg2 Bb6 36. Kf2 Kd6 37. Kg2 Be6 38. Kf2 Bh3 39. Be2 Ke5 40. Nd2 a5 41. Nf3+ Kf6 42. Ng5 axb4 43. axb4 Bg4 44. e5+ Ke7 45. Bf3 Bc7 46. Bc6 Bxe5 47. Bxb5 Bd6 48. Bc4 f6 49. Nf3 Bxb4 50. Kg2 Bc3 51. Kf2 Kd6 52. Bf7 Bf5 53. Ke2 Kc5 54. Nh2 Ba5 55. Bc4 Bc7 56. Kf2 Kb4 57. Nf3 Kc3 58. Ne1 Bd6 59. Bb5 g5 60. Be8 gxh4 61. gxh4 Bg4 62. Bb5 f5 63. Nf3 Bf4 64. Ba6 Be3+ 65. Kg2 Kc2 66. Bb5 f4 67. Ne5 Kd2 68. Bc6 Ke2 69. Be4 Bd2 70. Bg6 f3+ 0-1

[Event "HUN-chT2 Erkel 1415"]
[Site "Hungary"]
[Date "2015.01.25"]
[Round "5.7"]
[White "Beglyj, Mikhail"]
[Black "Nagy, Ervin"]
[Result "0-1"]
[WhiteElo "1907"]
[BlackElo "2243"]
[PlyCount "77"]
[EventDate "2014.09.28"]
[EventType "team-tourn"]
[EventRounds "9"]
[EventCountry "HUN"]
[SourceTitle "EXT 2016"]
[Source "ChessBase"]
[SourceDate "2015.10.08"]
[SourceVersion "1"]
[SourceVersionDate "2015.10.08"]
[SourceQuality "1"]
[WhiteTeam "Matra"]
[BlackTeam "HASE"]
[WhiteTeamCountry "HUN"]
[BlackTeamCountry "HUN"]

1. e4 d6 2. d4 Nf6 3. Nc3 e5 4. Nf3 Nbd7 5. Bc4 Be7 6. 0-0 0-0 7. Re1 c6 8. a4 a5 9. h3 Qc7 10. Bb3 b6 11. Be3 Bb7 12. Qd2 Rac8 13. Qe2 Qb8 14. Rad1 Qa8 15. Rd2 Ba6 16. Qd1 Qb7 17. Bg5 Rcd8 18. Bh4 Qc7 19. Ne2 c5 20. c3 c4 21. Bc2 Rfe8 22. Bg5 Nf8 23. Ng3 g6 24. Nh2 Ne6 25. Be3 exd4 26. Bxd4 Nxd4 27. Rxd4 Bf8 28. f4 Nd7 29. Nf3 Nc5 30. b4 cxb3 31. Bxb3 Nxb3 32. Qxb3 Bg7 33. e5 dxe5 34. Rxd8 Rxd8 35. Nxe5 Bb7 36. c4 Rd2 37. Ne4 Rd4 38. Ng5 Rxf4 39. Nexf7 0-1

[Event "Balaton op 32nd"]
[Site "Balatonboglar"]
[Date "2014.06.19"]
[Round "6"]
[White "Srebrnic, Vojko"]
[Black "Nagy, Ervin"]
[Result "1/2-1/2"]
[WhiteElo "2163"]
[BlackElo "2248"]
[PlyCount "64"]
[EventDate "2014.06.14"]
[EventType "swiss"]
[EventRounds "9"]
[EventCountry "HUN"]
[SourceTitle "EXT 2015"]
[Source "ChessBase"]
[SourceDate "2014.11.20"]
[SourceVersion "1"]
[SourceVersionDate "2014.11.20"]
[SourceQuality "1"]

1. e4 c5 2. Nc3 Nc6 3. f4 g6 4. Nf3 Bg7 5. Bb5 Nd4 6. 0-0 Nxb5 7. Nxb5 d6 8. d3 Nf6 9. Qe1 0-0 10. Nc3 Bg4 11. h3 Bxf3 12. Rxf3 Nd7 13. f5 e6 14. Bd2 Ne5 15. Rf1 Re8 16. fxe6 fxe6 17. Be3 Qd7 18. Qd2 Rf8 19. Bh6 Nc6 20. Bxg7 Qxg7 21. Rae1 Qd4+ 22. Kh1 Qe5 23. Nd1 Rxf1+ 24. Rxf1 Rf8 25. Rxf8+ Kxf8 26. c3 Kg7 27. Ne3 h5 28. Kg1 Qf6 29. Nc2 Ne5 30. Ne1 d5 31. exd5 exd5 32. Qf2 Qxf2+ 1/2-1/2

[Event "Balaton op 32nd"]
[Site "Balatonboglar"]
[Date "2014.06.17"]
[Round "4"]
[White "Aczel, Gergely"]
[Black "Nagy, Ervin"]
[Result "1-0"]
[WhiteElo "2464"]
[BlackElo "2248"]
[PlyCount "141"]
[EventDate "2014.06.14"]
[EventType "swiss"]
[EventRounds "9"]
[EventCountry "HUN"]
[SourceTitle "EXT 2015"]
[Source "ChessBase"]
[SourceDate "2014.11.20"]
[SourceVersion "1"]
[SourceVersionDate "2014.11.20"]
[SourceQuality "1"]

1. d4 Nf6 2. c4 e6 3. Nc3 Bb4 4. Qc2 Nc6 5. Nf3 d5 6. cxd5 exd5 7. Bg5 h6 8. Bxf6 Qxf6 9. e3 0-0 10. a3 Bxc3+ 11. Qxc3 Bg4 12. Be2 Bxf3 13. Bxf3 Rfd8 14. 0-0 Qd6 15. Rfc1 a5 16. Qb3 Ra7 17. Qa4 Ne7 18. b4 b6 19. b5 Rc8 20. Rab1 f5 21. g3 Rd8 22. Rc3 Rd7 23. Rbc1 Ra8 24. h4 Kf8 25. Qb3 Rad8 26. h5 Rc8 27. Kg2 Qe6 28. Rh1 c6 29. bxc6 Rxc6 30. Rxc6 Qxc6 31. Rb1 Rd6 32. Be2 Qc7 33. Bb5 Rd8 34. Ba4 Rb8 35. Qb2 Qd6 36. Rc1 Kg8 37. Qb5 Rd8 38. Rc3 Kh7 39. Bc2 Kg8 40. Bd3 Kf7 41. Qb1 Kf6 42. Qc2 Qe6 43. Rc7 Rc8 44. a4 Rxc7 45. Qxc7 Kf7 46. Kg1 g6 47. hxg6+ Qxg6 48. Qd8 Qf6 49. Be2 Kg7 50. Qd7 Kg6 51. Bf3 Qf7 52. Bd1 Kf6 53. Qd8 Qe6 54. Qf8+ Kg6 55. Be2 Ng8 56. Bd3 Nf6 57. Kg2 h5 58. Qb8 Ne4 59. Bc2 Qd6 60. Qg8+ Kh6 61. Qf7 Qc6 62. Bd1 Nf6 63. Be2 Qd6 64. Bd3 Ne4 65. Qxf5 Qa3 66. Bxe4 dxe4 67. d5 Qxa4 68. d6 Qd1 69. Qf6+ Kh7 70. Qf7+ Kh6 71. d7 1-0

[Event "Balaton op 32nd"]
[Site "Balatonboglar"]
[Date "2014.06.16"]
[Round "3"]
[White "Nagy, Ervin"]
[Black "Toth, Sarolta"]
[Result "1-0"]
[WhiteElo "2248"]
[BlackElo "2176"]
[PlyCount "71"]
[EventDate "2014.06.14"]
[EventType "swiss"]
[EventRounds "9"]
[EventCountry "HUN"]
[SourceTitle "EXT 2015"]
[Source "ChessBase"]
[SourceDate "2014.11.20"]
[SourceVersion "1"]
[SourceVersionDate "2014.11.20"]
[SourceQuality "1"]

1. e4 e5 2. Nf3 Nc6 3. Be2 g6 4. d4 exd4 5. Nxd4 Bg7 6. Nxc6 bxc6 7. 0-0 Ne7 8. c3 0-0 9. Bg5 h6 10. Be3 d5 11. exd5 cxd5 12. Bd4 Qd6 13. Na3 c5 14. Bxg7 Kxg7 15. Qd2 Be6 16. Rad1 Qb6 17. b4 Rac8 18. Rb1 Kh7 19. Rfd1 Rfd8 20. Nb5 cxb4 21. Rxb4 Qc5 22. Nd4 Bd7 23. Rb7 Rc7 24. Nb3 Qd6 25. Rxc7 Qxc7 26. Qd4 Bf5 27. Rd2 Nc6 28. Qc5 Qd6 29. Qxd6 Rxd6 30. Bf3 Be6 31. c4 dxc4 32. Rxd6 cxb3 33. axb3 Na5 34. b4 Nc4 35. Ra6 Ne5 36. Rxa7 1-0